| 000 | 00617nam a2200157Ia 4500 | ||
|---|---|---|---|
| 003 | SGT | ||
| 020 | _a9788120331341 | ||
| 082 |
_a621 _bAMB |
||
| 100 | _aAmbekar, Ashok G. | ||
| 245 | _aMechanism and machine theory | ||
| 260 |
_bPHI Learning Private Limited _aNew Delhi _c2007 |
||
| 300 | _a986p. | ||
| 650 | _aMECHANICAL ENGINEERING | ||
| 653 | _aINTRODUCTION TO KINEMATICS AND MECHANISMS,PLANAR MECHANISMS AND GEOMETRY OF MOTION VELOCITY AND ACCELERATION ANALYSIS,VELOCITY AND ACCELERATION ANALYSIS,MECHANISMS WITH LOWER PAIRS,ELEMENTS OF KINEMATIC SYNTHESIS OF MECHANISMS,CAMS,GEARS,GEAR TRAINS | ||
| 942 |
_2ddc _cBK |
||
| 999 |
_c5048 _d5048 |
||